000 00461pab a2200181 454500
008 180718b2001 xxu||||| |||| 00| 0 eng d
100 _aAltbach, Philip G.
245 _aHigher education and the WTO: globalization run amok
260 _c2001
300 _ap.1-4
362 _a10 Sep
650 _aGlobalization
650 _aWorld trade organization
650 _aEducation
650 _aHigher education
773 _aUniversity News
909 _a49973
999 _c49973
_d49973